| 000 | 00561nam a22001695i 4500 | ||
|---|---|---|---|
| 001 | 102867 | ||
| 003 | ES-MaACL | ||
| 007 | t| | ||
| 008 | 940202s1869 sp ||||1| spa d | ||
| 040 |
_aAS _bspa |
||
| 100 | 1 |
_aEsquiros, Alphonse. _947973 |
|
| 245 | 1 | 0 |
_aHistoria de los mártires de la libertad / _cde Alfonso Esquirós ; corregida y compendiada por Ricardo Molina. |
| 260 |
_aMadrid... [etc.] : _bEduardo Perié, _c1869 ( _eMadrid : _fTip. del Hospicio) |
||
| 300 |
_a228 p. ; _c19 cm. |
||
| 700 | 1 |
_aMolina, Ricardo. _981901 |
|
| 852 |
_aES-MaACL _jG-7398 |
||
| 999 |
_c102867 _d102867 |
||